Circuits de tous les opus Mario Kart - Statistiques

Statistiques générales
  • Ce quiz a été pris 78 fois
  • Le résultat moyen est 125 sur 216
Statistiques - réponses
Noms des jeux Coupes Noms des circuits en Anglais Noms des circuits en Français % Correct
Coupe Fleur Mario Circuit Circuit Mario
93%
Mario Circuit Circuit Mario
93%
Mario Circuit Circuit Mario
93%
Coupe Fleur Mario Circuit Circuit Mario
93%
GCN Mario Circuit Circuit Mario
93%
Mario Circuit Circuit Mario
93%
Coupe Fleur Mario Circuit Circuit Mario
93%
GBA Mario Circuit Circuit Mario
93%
SUPER MARIO KART Coupe Champignon Mario Circuit 1 Circuit Mario 1
93%
Coupe Carapace SNES Mario Circuit 1 Circuit Mario 1
93%
Mario Circuit 2 Circuit Mario 2
93%
Mario Circuit 3 Circuit Mario 3
93%
Mario Circuit 4 Circuit Mario 4
93%
Rainbow Road Route Arc-en-ciel
85%
Rainbow Road Route Arc-en-ciel
85%
Rainbow Road Route Arc-en-ciel
85%
Rainbow Road Route Arc-en-ciel
85%
Rainbow Road Route Arc-en-ciel
85%
Rainbow Road Route Arc-en-ciel
85%
Rainbow Road Route Arc-en-ciel
85%
SNES Rainbow Road Route Arc-en-ciel
85%
Rainbow Road Route Arc-en-ciel
85%
N64 Rainbow Road Route Arc-en-ciel
85%
SNES Rainbow Road Route Arc-en-ciel
85%
Koopa Castle Château de Bowser
84%
Bowser's Castle Château de Bowser
84%
Bowser's Castle Château de Bowser
84%
Bowser's Castle Château de Bowser
84%
N64 Bowser's Castle Château de Bowser
84%
Bowser's Castle Château de Bowser
84%
Bowser's Castle Château de Bowser
84%
Bowser Castle 1 Château de Bowser 1
84%
Bowser Castle 1 Château de Bowser 1
84%
GBA Bowser Castle 1 Château de Bowser 1
84%
Bowser Castle 2 Château de Bowser 2
84%
Bowser Castle 2 Château de Bowser 2
84%
GBA Bowser Castle 2 Château de Bowser 2
84%
Bowser Castle 3 Château de Bowser 3
84%
Bowser Castle 3 Château de Bowser 3
84%
Bowser Castle 4 Château de Bowser 4
84%
Coupe Éclair Luigi Circuit Circuit Luigi
84%
MARIO KART : DOUBLE DASH!! Coupe Champignon Luigi Circuit Circuit Luigi
84%
GCN Luigi Circuit Circuit Luigi
84%
GBA Luigi Circuit Circuit Luigi
84%
MARIO KART WII Coupe Champignon Luigi Circuit Circuit Luigi
84%
Koopa Troopa Beach Plage Koopa
80%
Coupe Banane N64 Koopa Troopa Beach Plage Koopa
80%
Coupe Étoile Koopa Beach 1 Plage Koopa 1
80%
Koopa Beach 2 Plage Koopa 2
80%
Coupe Feuille SNES Koopa Beach 2 Plage Koopa 2
80%
Donut Plains 1 Plaine Donut 1
80%
Coupe Banane SNES Donut Plains 1 Plaine Donut 1
80%
Donut Plains 2 Plaine Donut 2
80%
Coupe Spéciale Donut Plains 3 Plaine Donut 3
80%
SNES Donut Plains 3 Plaine Donut 3
80%
Coupe Étoile Wario Stadium Stade Wario
80%
Coupe Spéciale Wario Stadium Stade Wario
80%
Coupe Feuille DS Wario Stadium Stade Wario
80%
Ghost Valley 1 Vallée Fantôme 1
80%
Ghost Valley 2 Vallée Fantôme 2
80%
Ghost Valley 3 Vallée Fantôme 3
80%
MARIO KART SUPER CIRCUIT Coupe Champignon Peach Circuit Circuit Peach
76%
GBA Peach Circuit Circuit Peach
76%
Yoshi Circuit Circuit Yoshi
76%
GCN Yoshi Circuit Circuit Yoshi
76%
Coupe Œuf GCN Yoshi Circuit Circuit Yoshi
76%
Coupe Fleur Choco Island 1 Île Choco 1
75%
Choco Island 2 Île Choco 2
75%
Moo Moo Farm Ferme Meuh Meuh
73%
N64 Moo Moo Farm Ferme Meuh Meuh
73%
Choco Mountain Montagne Choco
73%
N64 Choco Mountain Montagne Choco
73%
Coupe Fleur Mushroom Bridge Pont Champignon
73%
GCN Mushroom Bridge Pont Champignon
73%
Waluigi Stadium Stade Waluigi
73%
GCN Waluigi Stadium Stade Waluigi
73%
Vanilla Lake 1 Lac Vanille 1
71%
Vanilla Lake 2 Lac Vanille 2
71%
DK Mountain Montagne DK
71%
GCN DK Mountain Montagne DK
71%
Baby Park Parc Baby
71%
GCN Baby Park Parc Baby
71%
Coupe Crossing GCN Baby Park Parc Baby
71%
Peach Beach Plage Peach
71%
Coupe Carapace GCN Peach Beach Plage Peach
71%
Yoshi Valley Vallée Yoshi
71%
N64 Yoshi Valley Vallée Yoshi
71%
Kalimari Desert Désert Kalimari
69%
Coupe Feuille N64 Kalimari Desert Désert Kalimari
69%
Dry Dry Desert Désert Sec Sec
69%
Coupe Banane GCN Dry Dry Desert Désert Sec Sec
69%
Coupe Spéciale DK's Jungle Park Jungle DK
69%
N64 DK's Jungle Parkway Jungle DK
69%
Luigi's Mansion Manoir de Luigi
67%
DS Luigi's Mansion Manoir de Luigi
67%
Wario's Gold Mine Mine Wario
65%
Coupe Triforce Wii Wario's Gold Mine Mine Wario
65%
Cheep Cheep Beach Plage Cheep Cheep
65%
DS Cheep Cheep Beach Plage Cheep Cheep
65%
Peach Gardens Jardin Peach
64%
DS Peach Gardens Jardin Peach
64%
Dino Dino Jungle Jungle Dino Dino
64%
GCN Dino Dino Jungle Jungle Dino Dino
64%
Coconut Mall Supermarché Coco
64%
Wii Coconut Mall Supermarché Coco
64%
Waluigi Pinball Flipper Waluigi
62%
DS Waluigi Pinball Flipper Waluigi
62%
Tick-Tock Clock Horloge Tic-Tac
62%
Coupe Éclair DS Tick-Tock Clock Horloge Tic-Tac
62%
Boo Lake Lac Boo
62%
Moo Moo Meadows Prairie Meuh Meuh
62%
Coupe Carapace Wii Moo Moo Meadows Prairie Meuh Meuh
62%
Toad Factory Usine Toad
62%
Grumble Volcano Volcan Grondant
62%
Wii Grumble Volcano Volcan Grondant
62%
Coupe Étoile Daisy Circuit Circuit Daisy
60%
Mushroom Gorge Gorge Champignon
60%
Wii Mushroom Gorge Gorge Champignon
60%
Yoshi Desert Désert Yoshi
58%
Cheep Cheep Island Île Cheep Cheep
58%
Yoshi Falls Cascades Yoshi
56%
DS Yoshi Falls Cascades Yoshi
56%
Shy Guy Beach Plage Maskass
56%
GBA Shy Guy Beach Plage Maskass
56%
Sherbet Land Royaume Sorbet
56%
Coupe Étoile Sherbet Land Royaume Sorbet
56%
Coupe Banane N64 Sherbet Land Royaume Sorbet
56%
GCN Sherbet Land Royaume Sorbet
56%
Coupe Spéciale Dry Dry Ruins Ruines Sec Sec
56%
Coupe Fleur Toad's Turnpike Autoroute Toad
55%
N64 Toad's Turnpike Autoroute Toad
55%
Koopa Cape Cap Koopa
55%
Coupe Éclair Wii Koopa Cape Cap Koopa
55%
MARIO KART DS Coupe Champignon Figure-8 Circuit Circuit en 8
53%
MARIO KART 7 Coupe Champignon Toad Circuit Circuit Toad
53%
Cheese Land Pays Fromage
53%
GBA Cheese Land Pays Fromage
53%
Mario Raceway Autodrome Mario
51%
N64 Mario Raceway Autodrome Mario
51%
Royal Raceway Autodrome Royal
51%
N64 Royal Raceway Autodrome Royal
51%
Ribbon Road Route Ruban
51%
GBA Ribbon Road Route Ruban
51%
MARIO KART 64 Coupe Champignon Luigi Raceway Autodrome Luigi
49%
Coupe Carapace N64 Luigi Raceway Autodrome Luigi
49%
Daisy Cruiser Paquebot Daisy
49%
GCN Daisy Cruiser Paquebot Daisy
49%
DK Summit Pic DK
49%
Delfino Square Quartier Delfino
49%
DS Delfino Square Quartier Delfino
49%
Maple Treeway Bois Vermeil
45%
Wii Maple Treeway Bois Vermeil
45%
Cheep Cheep Lagoon Lagon Cheep Cheep
42%
Airship Fortress Bateau Volant
40%
DS Airship Fortress Bateau Volant
40%
Coupe Étoile DK Pass Alpes DK
38%
DS DK Pass Alpes DK
38%
Coupe Fleur Desert Hills Désert du Soleil
38%
Coupe Feuille DS Desert Hills Désert du Soleil
38%
Moonview Highway Route Clair de Lune
38%
SNES Ghost Valley 2 Vallée Fantôme 2
38%
GBA Bowser Castle 3 Château de Bowser 3
36%
Shroom Ridge Corniche Champignon
35%
Coupe Éclair SNES Mario Circuit 3 Circuit Mario 3
33%
Banshee Boardwalk Ponton Lugubre
33%
N64 Banshee Boardwalk Ponton Lugubre
33%
Coupe Spéciale Wario Colosseum Arène Wario
31%
Mushroom City Champiville
31%
SNES Mario Circuit 2 Circuit Mario 2
31%
Sky Garden Jardin Volant
31%
GBA Sky Garden Jardin Volant
31%
Music Park Piste Musicale
29%
3DS Melody Motorway Piste Musicale
29%
Coupe Étoile Piranha Plant Slide Égout Piranha
27%
3DS Piranha Plant Slide Égout Piranha
27%
Coupe Spéciale DK Jungle Forêt Tropicale DK
27%
3DS DK Jungle Forêt Tropicale DK
27%
Neo Bowser City Koopapolis
27%
Coupe Clochette 3DS Neo Bowser City Koopapolis
27%
Coupe Étoile Snow Land Pays Neigeux
27%
Riverside Park Riverside Parc
27%
Frappe Snowland Route Glagla
27%
N64 Frappe Snowland Route Glagla
27%
Shy Guy Bazaar Souk Maskass
27%
Shy Guy Falls Cascades Maskass
25%
MARIO KART 8 / MARIO KART 8 DELUXE Coupe Champignon Mario Kart Stadium Champidrome
25%
Dolphin Shoals Lagon Tourbillon
25%
Coupe Étoile Sunshine Airport Aéroport Azur
24%
Mount Wario Descente givrée
24%
Toad Harbor Promenade Toad
24%
Daisy Hills Vallée Daisy
24%
Animal Crossing Animal Crossing
22%
Big Blue Big Blue
22%
Bone Dry Ruins Désert Toussec
22%
Coupe Spéciale Lakeside Park Lakeside Parc
22%
Sunset Wilds Pays Crépuscule
22%
Maka Wuhu Pic Wuhu
22%
Sweet Sweet Canyon Piste aux délices
22%
Thwomp Ruins Temple Thwomp
22%
Coupe Fleur Wuhu Loop Littoral Wuhu
20%
Twisted Mansion Manoir trempé
20%
Rosalina's Ice World Monde glacé d'Harmonie
20%
Rock Rock Mountain Mont Éboulis
20%
Water Park Parc Glougloop
20%
Hyrule Circuit Circuit d'Hyrule
18%
Electrodrome Club Mario
18%
Coupe Éclair SNES Choco Island Île Choco 2
16%
Coupe Spéciale Cloudtop Cruise Voie céleste
16%
Mute City Mute City
15%
Wario Shipyard Galion de Wario
13%
Broken Pier Jetée Cassée
13%
Wild Woods Passage Feuillage
13%
Ice Ice Outpost Station Glagla
13%
Dragon Driftway Route du dragon
11%
Excitebike Arena Arène d'Excitebike
9%
Super Bell Subway Métro Turbo
9%
Aucun quiz correspondant
Distribution des résultats
% des personnes avec chaque résultat
Percentile par nombre de réponses
Votre historique - résultats
Vous n’avez pas pris ce quiz